00295nam a2200109Ia 4500008004100000082001400041100001300055245005700068260002900125300000800154650002300162191201s2019 xx 000 0 und d a615.1 RAH aRAJE, VN 0aHelath Education and Community Pharmacy for 1st year bCBS PubaNew Delhic2019 a194 aCommunity Pharmacy